|
|
|
|
| LEADER |
000000am a2200000 a 4500 |
| 001 |
19392 |
| 005 |
20230308175807.0 |
| 008 |
984011|1983 ||||||||r|||||||||||spa|| |
| 020 |
|
|
|a 0192614037
|
| 040 |
|
|
|b spa
|
| 041 |
0 |
|
|a En
|
| 082 |
0 |
|
|a 618.92
|b Cam
|
| 100 |
1 |
|
|a Camerón, MargaretHofvander, Yngve
|9 85028
|
| 245 |
1 |
1 |
|a Manual on feeding infants and young children
|c Margaret Cameron, Yngve Hofvander
|h imp
|
| 250 |
|
|
|a 3. ed.
|
| 264 |
|
|
|a Oxford
|b Oxford University Press
|c 1983
|
| 300 |
|
|
|a xx; 214 páginas:
|b ilus., tbls.
|
| 504 |
|
|
|a 122 ref.
|
| 650 |
1 |
|
|a Infants-Nutrition
|9 85029
|
| 650 |
1 |
|
|a Children-Nutrition
|9 85030
|
| 852 |
|
|
|a UC-SALUD
|f donación
|k mariana.feican
|l 1
|m General
|p 19840119
|q S/. 50
|t 19392
|b 0
|d CDRS
|e CDRS
|g 618.92 Cam
|z 1984-40-11
|
| 942 |
|
|
|c BK
|
| 999 |
|
|
|c 51038
|d 51038
|